000 00204 a2200097 4500
001 9596
100 _aJenkins, F
245 _aFundamentals of Optics
260 _a
_bMc Graw Hill
_c
090 _c7636
_d7636
942 _aNUST-CAE
_cM
_c34307
999 _c244669
_d244669